=LDR 00000nam 2200000 4500 =001 INLIS000000000044776 =990 ##$$a 91809/BPAP-NTB/2014 =005 20230330093054 =990 ##$$a 93087/BPAP-NTB/2014 =035 ##$$a 0010-101300000002698 =990 ##$$a 21400613/BPAP-NTB/20142014 =008 230330################g##########0#ind## =990 ##$$a 0001/BPAP-NTB/20142014 =041 ##$$a Ind =990 ##$$a 21112462 =082 ##$$a 398.2 =090 ##$$a 398.2, Can c =100 ##$$a Candfield, Jack =245 1#$$a Chicken Soup For The Soul : Para Penyayang Binatang Berbagi Cerita Sang Penakluk dan Kisah-Kisah Nyata Lainnya, Jack Caufield {At.Al} ; Alih Bahasa, Rina Bintaran, Artanty Lesmana /$c Jack Canfield, dkk ; alih bahasa Rina Buntaran dan Suntanty Lesmana =260 ##$$a Jakarta :$b Gramedia Pustaka Utama,$c 2007 =300 ##$$a x, 208 hlm. : $b ilus. ; $c 23 x 15 cm =650 #4$$a Dongeng Binatang =700 #$$a Buntaran, Rina =700 #$$a Lesmana, Sutanty =850 ##$$a NNT-CD =020 ##$$a 978-979-22-2667-6 =084 ##$$a 398.2 CAN c =990 ##$$a 91809/BPAP-NTB/2014 =990 ##$$a 93087/BPAP-NTB/2014 =990 ##$$a 21400613/BPAP-NTB/20142014 =990 ##$$a 0001/BPAP-NTB/20142014 =990 ##$$a 21112462 =990 ##$$a 21112462 =990 ##$$a 91809/BPAP-NTB/2014 =990 ##$$a 93087/BPAP-NTB/2014 =990 ##$$a 21400613/BPAP-NTB/20142014 =990 ##$$a 0001/BPAP-NTB/20142014